00735cam a22001814a 4500020001500000082001900015100002200034245009400056260006300150300002700213440001000240504006600250650002900316650004500345942001200390999001900402952013200421 a075463693300a307.14120917241 aAkroyd, H. David.10aAgriculture and rural development planning :ba process in transition /cH. David Akroyd. aAldershot, Hampshire ;aBurlington, VT :bAshgate,cc2003. axiii, 224 p. ;c23 cm. 0981040 aIncludes bibliographical references (p. [218]-219) and index. 0aRural development981041 0aAgricultural development projects981042 2ddccBK c585976d585976 00102ddc406307_141209172400000_AKR709573445aCLbCLd2021-07-19l0o307.1412091724 AKRpCL-556r2021-07-19w2021-07-19yBK